[Event "Bundesliga 9596"]
[Site "Deutschland"]
[Date "1996.??.??"]
[Round "?.4"]
[White "Hausrath, Daniel"]
[Black "Schmidt, Peter"]
[Result "1/2-1/2"]
[WhiteElo "2390"]
[BlackElo "2405"]
[PlyCount "61"]
[EventDate "1995.10.??"]
[EventType "team"]
[EventRounds "15"]
[EventCountry "GER"]
[SourceTitle "Bundesliga 9596"]
[Source "DeepChess"]
[SourceDate "2005.01.01"]
[SourceVersion "1"]
[SourceVersionDate "2005.01.01"]
[SourceQuality "1"]
[WhiteTeam "PSV/BSV Wuppertal 1921 e.V."]
[BlackTeam "SK Passau 1869"]
[WhiteTeamCountry "GER"]
[BlackTeamCountry "GER"]

1. d4 d5 2. c4 c6 3. Nc3 Nf6 4. e3 g6 5. Nf3 Bg7 6. cxd5 cxd5 7. Bb5+ Nc6 8.
Ne5 Bd7 9. Qa4 Qc7 10. Bxc6 Bxc6 11. Nxc6 bxc6 12. Bd2 O-O 13. Rc1 Rfc8 14. O-O
e6 15. Rc2 Qb7 16. Qa5 Bf8 17. Na4 Nd7 18. Rfc1 Bd6 19. Be1 e5 20. dxe5 Nxe5
21. Qd2 Bf8 22. Qe2 Bg7 23. Bc3 Re8 24. Bxe5 Bxe5 25. Rxc6 d4 26. Qf3 Rac8 27.
exd4 Bxd4 28. Rxc8 Rxc8 29. Rxc8+ Qxc8 30. Nc3 Qe6 31. g3 1/2-1/2

[Event "Bundesliga 9596"]
[Site "Deutschland"]
[Date "1996.??.??"]
[Round "?.5"]
[White "Pichler, Juergen"]
[Black "Schiffer, Kai Uwe"]
[Result "1/2-1/2"]
[WhiteElo "2420"]
[BlackElo "2325"]
[PlyCount "110"]
[EventDate "1995.10.??"]
[EventType "team"]
[EventRounds "15"]
[EventCountry "GER"]
[SourceTitle "Bundesliga 9596"]
[Source "DeepChess"]
[SourceDate "2005.01.01"]
[SourceVersion "1"]
[SourceVersionDate "2005.01.01"]
[SourceQuality "1"]
[WhiteTeam "SK Passau 1869"]
[BlackTeam "PSV/BSV Wuppertal 1921 e.V."]
[WhiteTeamCountry "GER"]
[BlackTeamCountry "GER"]

1. e4 d6 2. d4 g6 3. g3 Bg7 4. Bg2 Nf6 5. Ne2 O-O 6. Nbc3 c6 7. a4 e5 8. O-O
Re8 9. h3 Na6 10. Be3 Nc7 11. a5 exd4 12. Bxd4 Ne6 13. Be3 Nc5 14. Bxc5 dxc5
15. a6 bxa6 16. Qxd8 Rxd8 17. Rfd1 Bb7 18. f4 Ne8 19. e5 Bf8 20. Ne4 Kg7 21.
Nd2 Rd7 22. Nc4 Rad8 23. Rxd7 Rxd7 24. Kf2 Nc7 25. c3 f6 26. exf6+ Kxf6 27. g4
Nd5 28. Rd1 Ke7 29. g5 Bg7 30. h4 Nb6 31. Rxd7+ Kxd7 32. Na5 Kc7 33. Be4 Nd5
34. h5 Ne7 35. h6 Bh8 36. Nxb7 Kxb7 37. Ng3 Kc7 38. f5 gxf5 39. Bxf5 Nxf5 40.
Nxf5 Kd7 41. Kf3 Ke6 42. Ke4 a5 43. Nh4 a4 44. g6 hxg6 45. Nxg6 a3 46. bxa3
Bxc3 47. Kd3 Bb2 48. h7 Kf7 49. h8=Q Bxh8 50. Nxh8+ Kg7 51. Kc4 Kxh8 52. Kxc5
Kg7 53. Kxc6 Kf7 54. Kb7 a5 55. Kb6 Ke7 1/2-1/2

[Event "Bundesliga 9596"]
[Site "Deutschland"]
[Date "1996.??.??"]
[Round "?.6"]
[White "Kern, Guido"]
[Black "Baumhus, Reinhard"]
[Result "1/2-1/2"]
[WhiteElo "2365"]
[BlackElo "2360"]
[PlyCount "108"]
[EventDate "1995.10.??"]
[EventType "team"]
[EventRounds "15"]
[EventCountry "GER"]
[SourceTitle "Bundesliga 9596"]
[Source "DeepChess"]
[SourceDate "2005.01.01"]
[SourceVersion "1"]
[SourceVersionDate "2005.01.01"]
[SourceQuality "1"]
[WhiteTeam "PSV/BSV Wuppertal 1921 e.V."]
[BlackTeam "SK Passau 1869"]
[WhiteTeamCountry "GER"]
[BlackTeamCountry "GER"]

1. c4 c5 2. g3 Nf6 3. Bg2 e6 4. Nf3 a6 5. Nc3 b6 6. O-O Bb7 7. b3 d6 8. Bb2 Be7
9. e3 O-O 10. d4 Nbd7 11. Rc1 Ra7 12. d5 e5 13. a4 Ne8 14. e4 g6 15. Ne1 Ng7
16. Nd3 Bc8 17. Rc2 Nf6 18. f4 exf4 19. gxf4 Ng4 20. Qe2 f5 21. e5 Bd7 22. Qf3
b5 23. axb5 axb5 24. h3 bxc4 25. bxc4 Nh6 26. exd6 Bxd6 27. Ne5 Rb7 28. Nc6
Rxb2 29. Nxd8 Rxc2 30. Nb7 Be7 31. Qd3 Rb2 32. Rf2 Rxf2 33. Kxf2 Re8 34. Bf3
Nf7 35. Ne2 Nd6 36. Nxc5 Ne4+ 37. Nxe4 fxe4 38. Bxe4 Bc5+ 39. Kg2 Nf5 40. d6
Kg7 41. Qc3+ Kh6 42. Ng3 Nxd6 43. Qf6 Nxe4 44. Nxe4 Rxe4 45. Qg5+ Kg7 46. Qxc5
Rxf4 47. Qd6 Rf7 48. c5 h5 49. Kg3 Kh7 50. c6 Bxc6 51. Qxc6 Rf5 52. Qd7+ Kg8
53. Kh4 Kh8 54. Qe7 Kg8 1/2-1/2

[Event "Bundesliga 9596"]
[Site "Deutschland"]
[Date "1996.??.??"]
[Round "?.7"]
[White "Goetz, Ralph"]
[Black "Florath, Patrick"]
[Result "1-0"]
[WhiteElo "2335"]
[BlackElo "2275"]
[PlyCount "85"]
[EventDate "1995.10.??"]
[EventType "team"]
[EventRounds "15"]
[EventCountry "GER"]
[SourceTitle "Bundesliga 9596"]
[Source "DeepChess"]
[SourceDate "2005.01.01"]
[SourceVersion "1"]
[SourceVersionDate "2005.01.01"]
[SourceQuality "1"]
[WhiteTeam "SK Passau 1869"]
[BlackTeam "PSV/BSV Wuppertal 1921 e.V."]
[WhiteTeamCountry "GER"]
[BlackTeamCountry "GER"]

1. e4 e6 2. d4 d5 3. Nd2 Nf6 4. e5 Nfd7 5. c3 c5 6. Bd3 Nc6 7. Ne2 cxd4 8. cxd4
f6 9. exf6 Nxf6 10. O-O Bd6 11. Nf3 O-O 12. Bg5 Qc7 13. Bh4 Nh5 14. Qc2 h6 15.
Bg6 Nf4 16. Nxf4 Bxf4 17. Rad1 Bd7 18. Qe2 a5 19. Bb1 g5 20. Bg3 Bxg3 21. hxg3
Rf6 22. Nh2 Raf8 23. Ng4 Be8 24. Nxf6+ Rxf6 25. Rd2 Kg7 26. Qd3 Bg6 27. Qb5 Be8
28. Qc5 h5 29. Re2 Qe7 30. Qc3 Rf8 31. Qd3 Rh8 32. Rfe1 Rh6 33. Qd2 Bf7 34. Bc2
Qf6 35. Rd1 h4 36. Ba4 hxg3 37. fxg3 Bh5 38. Rf2 Qd8 39. Re1 Bg4 40. Bxc6 bxc6
41. Ref1 Bf5 42. g4 Bxg4 43. Rf8 1-0

[Event "Bundesliga 9596"]
[Site "Deutschland"]
[Date "1996.??.??"]
[Round "?.8"]
[White "Sukharisingh, Ralf"]
[Black "Schlingensiepen, Christian"]
[Result "1/2-1/2"]
[WhiteElo "2305"]
[BlackElo "2305"]
[PlyCount "85"]
[EventDate "1995.10.??"]
[EventType "team"]
[EventRounds "15"]
[EventCountry "GER"]
[SourceTitle "Bundesliga 9596"]
[Source "DeepChess"]
[SourceDate "2005.01.01"]
[SourceVersion "1"]
[SourceVersionDate "2005.01.01"]
[SourceQuality "1"]
[WhiteTeam "PSV/BSV Wuppertal 1921 e.V."]
[BlackTeam "SK Passau 1869"]
[WhiteTeamCountry "GER"]
[BlackTeamCountry "GER"]

1. d4 Nf6 2. Nf3 e6 3. g3 b6 4. Bg2 Bb7 5. c4 Be7 6. Nc3 Ne4 7. Bd2 Bf6 8. O-O
O-O 9. Rc1 c5 10. d5 Nxd2 11. Nxd2 exd5 12. Nxd5 Bxd5 13. Bxd5 Nc6 14. b3 Rc8
15. Ne4 Be5 16. e3 Qe7 17. Qe2 Kh8 18. f4 Bf6 19. a3 g6 20. g4 Bg7 21. g5 f5
22. gxf6 Bxf6 23. Qg4 Bb2 24. Rcd1 Rcd8 25. Rf3 Qg7 26. a4 Ne7 27. Ng5 Nf5 28.
Kh1 Bf6 29. Be4 Bxg5 30. Qxg5 Rde8 31. Bxf5 Rxf5 32. Qg2 Qe7 33. Qc2 Qe6 34. e4
Qxe4 35. Qxe4 Rxe4 36. Rxd7 a5 37. Rd6 g5 38. Rxb6 gxf4 39. Kg2 Re2+ 40. Rf2
Re3 41. Rf3 Re2+ 42. Rf2 Re3 43. Rf3 1/2-1/2

[Event "Bundesliga 9596"]
[Site "Deutschland"]
[Date "1995.??.??"]
[Round "?.1"]
[White "Rozentalis, Eduardas"]
[Black "Emms, John M"]
[Result "1-0"]
[WhiteElo "2610"]
[BlackElo "2485"]
[PlyCount "97"]
[EventDate "1995.10.??"]
[EventType "team"]
[EventRounds "15"]
[EventCountry "GER"]
[SourceTitle "Bundesliga 9596"]
[Source "DeepChess"]
[SourceDate "2005.01.01"]
[SourceVersion "1"]
[SourceVersionDate "2005.01.01"]
[SourceQuality "1"]
[WhiteTeam "SK Zaehringen 1921"]
[BlackTeam "PSV/BSV Wuppertal 1921 e.V."]
[WhiteTeamCountry "GER"]
[BlackTeamCountry "GER"]

1. e4 c5 2. c3 d5 3. exd5 Qxd5 4. d4 Nf6 5. Nf3 Nc6 6. Be3 e5 7. dxe5 Qxd1+ 8.
Kxd1 Ng4 9. Na3 Nxe3+ 10. fxe3 Bg4 11. Nc4 O-O-O+ 12. Ke1 Be7 13. Be2 Be6 14.
a4 Rd5 15. Rf1 g5 16. Rd1 Rxd1+ 17. Kxd1 Rd8+ 18. Ke1 Kc7 19. Nfd2 b6 20. h3 a6
21. Bg4 b5 22. Bxe6 fxe6 23. axb5 axb5 24. Nd6 Bxd6 25. exd6+ Kxd6 26. Ke2 Ke7
27. Ra1 c4 28. Ne4 h6 29. Ra6 Ne5 30. Nc5 Rd5 31. Nxe6 Nd3 32. Nd4 Nxb2 33. e4
Rc5 34. Rxh6 Nd3 35. Rb6 g4 36. h4 Nf4+ 37. Kf2 Nh5 38. e5 Kd7 39. e6+ Kc7 40.
Rxb5 Rxb5 41. Nxb5+ Kd8 42. Nd6 Ke7 43. Nxc4 Kxe6 44. Ne3 Nf6 45. c4 Ne4+ 46.
Ke2 Nf6 47. Kd3 g3 48. Kd4 Nh5 49. Ke4 1-0

[Event "Bundesliga 9596"]
[Site "Deutschland"]
[Date "1995.??.??"]
[Round "?.2"]
[White "Conquest, Stuart"]
[Black "Hodgson, Julian M"]
[Result "1-0"]
[WhiteElo "2455"]
[BlackElo "2590"]
[PlyCount "49"]
[EventDate "1995.10.??"]
[EventType "team"]
[EventRounds "15"]
[EventCountry "GER"]
[SourceTitle "Bundesliga 9596"]
[Source "DeepChess"]
[SourceDate "2005.01.01"]
[SourceVersion "1"]
[SourceVersionDate "2005.01.01"]
[SourceQuality "1"]
[WhiteTeam "PSV/BSV Wuppertal 1921 e.V."]
[BlackTeam "SK Zaehringen 1921"]
[WhiteTeamCountry "GER"]
[BlackTeamCountry "GER"]

1. e4 d5 2. exd5 Qxd5 3. Nc3 Qa5 4. Bc4 Nf6 5. d4 c6 6. Bd2 Qc7 7. Nf3 Bg4 8.
h3 Bxf3 9. Qxf3 e6 10. O-O-O Nbd7 11. g4 Nb6 12. Bf1 Rd8 13. g5 Ng8 14. h4 Rxd4
15. Nb5 cxb5 16. Bxb5+ Nd7 17. Bf4 Rxf4 18. Bxd7+ Qxd7 19. Qxf4 Qc8 20. Rh3 Ne7
21. Rf3 Nf5 22. Rc3 Bc5 23. Rxc5 Qxc5 24. Qb8+ Ke7 25. Qxb7+ 1-0

[Event "Bundesliga 9596"]
[Site "Deutschland"]
[Date "1995.??.??"]
[Round "?.3"]
[White "Siegel, Georg"]
[Black "Schebler, Gerhard"]
[Result "1-0"]
[WhiteElo "2480"]
[BlackElo "2350"]
[PlyCount "77"]
[EventDate "1995.10.??"]
[EventType "team"]
[EventRounds "15"]
[EventCountry "GER"]
[SourceTitle "Bundesliga 9596"]
[Source "DeepChess"]
[SourceDate "2005.01.01"]
[SourceVersion "1"]
[SourceVersionDate "2005.01.01"]
[SourceQuality "1"]
[WhiteTeam "SK Zaehringen 1921"]
[BlackTeam "PSV/BSV Wuppertal 1921 e.V."]
[WhiteTeamCountry "GER"]
[BlackTeamCountry "GER"]

1. d4 Nf6 2. c4 g6 3. Nc3 Bg7 4. Bg5 O-O 5. Nf3 c5 6. d5 d6 7. e4 e5 8. Qd2 Na6
9. Be2 Qe8 10. O-O h5 11. Ne1 Nh7 12. Bh6 Bd7 13. Nd3 f5 14. Bxg7 Kxg7 15. exf5
gxf5 16. f4 e4 17. Ne1 Nf6 18. Nc2 Rg8 19. Ne3 Nc7 20. a3 a5 21. b3 Kg6 22. Qe1
Ng4 23. Qg3 Kf7 24. Nxg4 hxg4 25. h3 Rh8 26. hxg4 Qg8 27. Kf2 Qg7 28. gxf5 e3+
29. Qxe3 Bxf5 30. Rae1 Rae8 31. Qd2 Reg8 32. Bf3 Rh2 33. Kg1 Qg3 34. Qe2 Rg7
35. Ne4 Bxe4 36. Qxe4 Qh4 37. Qe7+ Qxe7 38. Rxe7+ Kxe7 39. Kxh2 1-0

[Event "Bundesliga 9596"]
[Site "Deutschland"]
[Date "1995.??.??"]
[Round "?.4"]
[White "Hausrath, Daniel"]
[Black "Mohr, Stefan"]
[Result "1-0"]
[WhiteElo "2370"]
[BlackElo "2440"]
[PlyCount "79"]
[EventDate "1995.10.??"]
[EventType "team"]
[EventRounds "15"]
[EventCountry "GER"]
[SourceTitle "Bundesliga 9596"]
[Source "DeepChess"]
[SourceDate "2005.01.01"]
[SourceVersion "1"]
[SourceVersionDate "2005.01.01"]
[SourceQuality "1"]
[WhiteTeam "PSV/BSV Wuppertal 1921 e.V."]
[BlackTeam "SK Zaehringen 1921"]
[WhiteTeamCountry "GER"]
[BlackTeamCountry "GER"]

1. Nf3 d6 2. d4 Bg4 3. e4 Nf6 4. Nc3 e6 5. h3 Bh5 6. g4 Bg6 7. Qe2 a6 8. h4 h5
9. g5 Nfd7 10. Bh3 b5 11. d5 e5 12. a3 Nb6 13. Be3 Nc4 14. Nd2 Nxe3 15. Qxe3
Be7 16. Rg1 O-O 17. Nf1 c5 18. Qe2 Qa5 19. Ng3 b4 20. Nd1 bxa3+ 21. c3 axb2 22.
Qxb2 Qc7 23. Qe2 Nd7 24. Nxh5 Bxh5 25. Qxh5 g6 26. Qg4 Rfd8 27. h5 Nf8 28. Rh1
Rdb8 29. f4 exf4 30. Qxf4 Rb7 31. Ra2 Bd8 32. hxg6 Nxg6 33. Qh2 Bxg5 34. Bf5
Bh4+ 35. Ke2 Bf6 36. Qh6 Rab8 37. Ke3 Qe7 38. Rg2 Rb2 39. Rxg6+ fxg6 40. Be6+
1-0

[Event "Bundesliga 9596"]
[Site "Deutschland"]
[Date "1995.??.??"]
[Round "?.5"]
[White "Mann, Christian"]
[Black "Schiffer, Kai Uwe"]
[Result "1-0"]
[WhiteElo "2445"]
[BlackElo "2325"]
[PlyCount "39"]
[EventDate "1995.10.??"]
[EventType "team"]
[EventRounds "15"]
[EventCountry "GER"]
[SourceTitle "Bundesliga 9596"]
[Source "DeepChess"]
[SourceDate "2005.01.01"]
[SourceVersion "1"]
[SourceVersionDate "2005.01.01"]
[SourceQuality "1"]
[WhiteTeam "SK Zaehringen 1921"]
[BlackTeam "PSV/BSV Wuppertal 1921 e.V."]
[WhiteTeamCountry "GER"]
[BlackTeamCountry "GER"]

1. e4 e6 2. d4 d5 3. Nd2 Nf6 4. e5 Nfd7 5. Bd3 c5 6. c3 Nc6 7. Ne2 a5 8. O-O
cxd4 9. cxd4 Nb6 10. f4 g6 11. Nf3 h5 12. Qe1 Be7 13. Qg3 Bd7 14. Bxg6 Rg8 15.
Bxf7+ Kxf7 16. Ng5+ Bxg5 17. fxg5+ Ke8 18. g6 Qe7 19. Bh6 Nd8 20. Nf4 1-0

[Event "Bundesliga 9596"]
[Site "Deutschland"]
[Date "1995.??.??"]
[Round "?.6"]
[White "Kern, Guido"]
[Black "Brendel, Oliver"]
[Result "0-1"]
[WhiteElo "2365"]
[BlackElo "2385"]
[PlyCount "90"]
[EventDate "1995.10.??"]
[EventType "team"]
[EventRounds "15"]
[EventCountry "GER"]
[SourceTitle "Bundesliga 9596"]
[Source "DeepChess"]
[SourceDate "2005.01.01"]
[SourceVersion "1"]
[SourceVersionDate "2005.01.01"]
[SourceQuality "1"]
[WhiteTeam "PSV/BSV Wuppertal 1921 e.V."]
[BlackTeam "SK Zaehringen 1921"]
[WhiteTeamCountry "GER"]
[BlackTeamCountry "GER"]

1. d4 Nf6 2. Nf3 g6 3. g3 Bg7 4. Bg2 c5 5. c4 cxd4 6. Nxd4 Nc6 7. Nc2 d6 8. Nc3
Bd7 9. O-O Qc8 10. Re1 Bh3 11. Bh1 h5 12. e4 Ne5 13. Ne3 h4 14. Ncd5 Nfg4 15.
f4 hxg3 16. hxg3 Nxe3 17. Nxe3 Ng4 18. Bf3 Nxe3 19. Bxe3 Bxb2 20. Rb1 Bc3 21.
Re2 Bg4 22. Rc2 Bxf3 23. Qxf3 Bg7 24. c5 dxc5 25. Rxc5 Qe6 26. Rd5 O-O 27. Rxb7
Rac8 28. Rd2 Rc1+ 29. Kg2 a5 30. Rbd7 Ra1 31. R7d5 Qc6 32. Rd8 Qc1 33. Rxf8+
Bxf8 34. Kh2 Qc4 35. Qg2 a4 36. e5 e6 37. Bg1 Kg7 38. Bd4 Re1 39. Bf2 Ra1 40.
Bd4 Rb1 41. Qf2 Bb4 42. Rb2 Rf1 43. Qe3 Re1 44. Qf2 Qd5 45. g4 Rh1+ 0-1

[Event "Bundesliga 9596"]
[Site "Deutschland"]
[Date "1995.??.??"]
[Round "?.7"]
[White "Schmaltz, Roland"]
[Black "Florath, Patrick"]
[Result "0-1"]
[WhiteElo "2450"]
[BlackElo "2275"]
[PlyCount "66"]
[EventDate "1995.10.??"]
[EventType "team"]
[EventRounds "15"]
[EventCountry "GER"]
[SourceTitle "Bundesliga 9596"]
[Source "DeepChess"]
[SourceDate "2005.01.01"]
[SourceVersion "1"]
[SourceVersionDate "2005.01.01"]
[SourceQuality "1"]
[WhiteTeam "SK Zaehringen 1921"]
[BlackTeam "PSV/BSV Wuppertal 1921 e.V."]
[WhiteTeamCountry "GER"]
[BlackTeamCountry "GER"]

1. e4 e6 2. d4 d5 3. Nc3 Bb4 4. e5 c5 5. a3 Bxc3+ 6. bxc3 Ne7 7. Nf3 Nbc6 8. h4
Bd7 9. a4 Qa5 10. Bd2 f6 11. Bb5 O-O-O 12. O-O h6 13. Qe1 c4 14. Bc1 f5 15. Ba3
Kb8 16. Qd2 Be8 17. Qe3 Bh5 18. Nd2 Rdg8 19. Rfb1 g5 20. Bxc6 Nxc6 21. Rb5 Qa6
22. Rab1 Rh7 23. hxg5 hxg5 24. a5 Be8 25. Bd6+ Ka8 26. R5b2 f4 27. Qe2 g4 28.
g3 f3 29. Nxf3 gxf3 30. Qxf3 Rf7 31. Qh5 Qxa5 32. Qh4 Qxc3 33. Ra2 Qxd4 0-1

[Event "Bundesliga 9596"]
[Site "Deutschland"]
[Date "1995.??.??"]
[Round "?.8"]
[White "Kistella, Roman"]
[Black "Vatter, Hans Joachim"]
[Result "1-0"]
[WhiteElo "2260"]
[BlackElo "2385"]
[PlyCount "109"]
[EventDate "1995.10.??"]
[EventType "team"]
[EventRounds "15"]
[EventCountry "GER"]
[SourceTitle "Bundesliga 9596"]
[Source "DeepChess"]
[SourceDate "2005.01.01"]
[SourceVersion "1"]
[SourceVersionDate "2005.01.01"]
[SourceQuality "1"]
[WhiteTeam "PSV/BSV Wuppertal 1921 e.V."]
[BlackTeam "SK Zaehringen 1921"]
[WhiteTeamCountry "GER"]
[BlackTeamCountry "GER"]

1. d4 Nf6 2. c4 g6 3. Nc3 Bg7 4. e4 O-O 5. Nf3 d6 6. Be2 e5 7. dxe5 dxe5 8.
Qxd8 Rxd8 9. Nd5 Nxd5 10. cxd5 c6 11. Bc4 h6 12. Be3 cxd5 13. Bxd5 Nd7 14.
O-O-O Re8 15. Bb3 a6 16. Nd2 Nf6 17. f3 Be6 18. Kb1 Rac8 19. Rc1 Bxb3 20. Nxb3
Bf8 21. Rhd1 Kg7 22. Bb6 Rxc1+ 23. Rxc1 Re6 24. Be3 Bd6 25. Na5 Re7 26. Rc8 Bb4
27. Nc4 b5 28. a3 Be1 29. Bc5 Re6 30. Nb6 Ba5 31. Bf8+ Kh7 32. Nd5 Nd7 33. b4
Bb6 34. Bc5 Kg7 35. Kc2 f5 36. Kb3 Kf7 37. a4 bxa4+ 38. Kxa4 fxe4 39. fxe4 g5
40. Kb3 h5 41. Kc4 g4 42. Kd3 Rg6 43. Nxb6 Nxb6 44. Rc7+ Kg8 45. Re7 Na4 46.
Rxe5 g3 47. h3 h4 48. Rh5 Nxc5+ 49. bxc5 a5 50. Rxh4 Ra6 51. e5 a4 52. c6 Rxc6
53. Rxa4 Rc5 54. Rg4+ Kf7 55. Kd4 1-0

[Event "Bundesliga 9596"]
[Site "Deutschland"]
[Date "1995.??.??"]
[Round "?.1"]
[White "Van der Sterren, Paul"]
[Black "Emms, John M"]
[Result "1/2-1/2"]
[WhiteElo "2545"]
[BlackElo "2485"]
[PlyCount "107"]
[EventDate "1995.10.??"]
[EventType "team"]
[EventRounds "15"]
[EventCountry "GER"]
[SourceTitle "Bundesliga 9596"]
[Source "DeepChess"]
[SourceDate "2005.01.01"]
[SourceVersion "1"]
[SourceVersionDate "2005.01.01"]
[SourceQuality "1"]
[WhiteTeam "SV Castrop Rauxel 1923"]
[BlackTeam "PSV/BSV Wuppertal 1921 e.V."]
[WhiteTeamCountry "GER"]
[BlackTeamCountry "GER"]

1. d4 Nf6 2. c4 e6 3. Nf3 c5 4. d5 d6 5. Nc3 exd5 6. cxd5 g6 7. Nd2 Bg7 8. e4
O-O 9. Be2 Na6 10. O-O Nc7 11. a4 b6 12. Kh1 Rb8 13. f3 Re8 14. Nc4 Ba6 15. Bg5
Qd7 16. Re1 Bxc4 17. Bxc4 a6 18. Bf1 h6 19. Be3 Kh7 20. Qd2 Qc8 21. Rab1 b5 22.
b4 c4 23. a5 Qd7 24. Bd4 Re7 25. g3 Rbe8 26. Rbd1 Nh5 27. Bxg7 Nxg7 28. f4 f6
29. Bg2 Rf8 30. Ne2 Ree8 31. Nd4 h5 32. h4 f5 33. e5 dxe5 34. fxe5 f4 35. gxf4
Qg4 36. Rf1 Qxh4+ 37. Kg1 Qg4 38. Nf3 Rd8 39. Ng5+ Kh8 40. Kh2 Qh4+ 41. Nh3 Nf5
42. Qc3 Kh7 43. Be4 Rf7 44. Rg1 Kh6 45. e6 Rff8 46. Bxf5 Rxf5 47. Rxg6+ Kxg6
48. Rg1+ Qg4 49. e7 Rdxd5 50. Qh8 Rd2+ 51. Kh1 Rd1 52. Qg8+ Kf6 53. Qf8+ Kg6
54. Qg8+ 1/2-1/2

[Event "Bundesliga 9596"]
[Site "Deutschland"]
[Date "1995.??.??"]
[Round "?.2"]
[White "Conquest, Stuart"]
[Black "King, Daniel J"]
[Result "1/2-1/2"]
[WhiteElo "2455"]
[BlackElo "2510"]
[PlyCount "93"]
[EventDate "1995.10.??"]
[EventType "team"]
[EventRounds "15"]
[EventCountry "GER"]
[SourceTitle "Bundesliga 9596"]
[Source "DeepChess"]
[SourceDate "2005.01.01"]
[SourceVersion "1"]
[SourceVersionDate "2005.01.01"]
[SourceQuality "1"]
[WhiteTeam "PSV/BSV Wuppertal 1921 e.V."]
[BlackTeam "SV Castrop Rauxel 1923"]
[WhiteTeamCountry "GER"]
[BlackTeamCountry "GER"]

1. f4 d5 2. e3 g6 3. Nf3 Bg7 4. Be2 c5 5. O-O Nc6 6. c3 Nf6 7. d4 O-O 8. Bd2 b6
9. Be1 Ne4 10. Nbd2 Nd6 11. h3 a5 12. g4 e6 13. h4 Ba6 14. Bxa6 Rxa6 15. Qe2
Ra7 16. Rd1 Qe8 17. dxc5 bxc5 18. e4 f5 19. e5 fxg4 20. exd6 gxf3 21. Rxf3 e5
22. fxe5 Nxe5 23. Re3 Qc8 24. Bg3 Ng4 25. Re7 Rxe7 26. dxe7 Re8 27. Nb3 Nf6 28.
Bd6 Ne4 29. Rxd5 Nxd6 30. Rxd6 a4 31. Qc4+ Kh8 32. Nxc5 Rxe7 33. Ne6 Qg8 34.
Rd8 Re8 35. Rxe8 Qxe8 36. Qd5 Bf6 37. Kg2 Qb8 38. b4 axb3 39. axb3 Bxc3 40. Qc6
Bf6 41. Qc7 Qxc7 42. Nxc7 Bxh4 43. b4 Bd8 44. Nd5 Kg7 45. b5 Kf7 46. b6 Bxb6
47. Nxb6 1/2-1/2

[Event "Bundesliga 9596"]
[Site "Deutschland"]
[Date "1995.??.??"]
[Round "?.3"]
[White "Hoffmann, Michael"]
[Black "Schebler, Gerhard"]
[Result "0-1"]
[WhiteElo "2485"]
[BlackElo "2350"]
[PlyCount "77"]
[EventDate "1995.10.??"]
[EventType "team"]
[EventRounds "15"]
[EventCountry "GER"]
[SourceTitle "Bundesliga 9596"]
[Source "DeepChess"]
[SourceDate "2005.01.01"]
[SourceVersion "1"]
[SourceVersionDate "2005.01.01"]
[SourceQuality "1"]
[WhiteTeam "SV Castrop Rauxel 1923"]
[BlackTeam "PSV/BSV Wuppertal 1921 e.V."]
[WhiteTeamCountry "GER"]
[BlackTeamCountry "GER"]

1. d4 Nf6 2. c4 g6 3. Nc3 Bg7 4. e4 d6 5. f3 O-O 6. Bg5 c5 7. d5 e6 8. Qd2 exd5
9. Nxd5 Be6 10. Ne2 Bxd5 11. cxd5 a6 12. a4 Nbd7 13. Nc3 Re8 14. Be2 Qa5 15.
O-O c4 16. Be3 Rac8 17. Ra3 Ne5 18. Rb1 Nfd7 19. Nd1 Qxd2 20. Bxd2 Nc5 21. Bb4
f5 22. exf5 Ned3 23. Bxd3 Nxd3 24. Bc3 Bd4+ 25. Kf1 gxf5 26. g3 Bc5 27. b4 Ba7
28. a5 Rc7 29. b5 axb5 30. Rxb5 Rce7 31. Ra1 Bc5 32. Rab1 Re1+ 33. Bxe1 Rxe1+
34. Kg2 Rg1+ 35. Kh3 Rxd1 36. Rxd1 Nf2+ 37. Kh4 Nxd1 38. Rxb7 c3 39. Rb1 $138
0-1

[Event "Bundesliga 9596"]
[Site "Deutschland"]
[Date "1995.??.??"]
[Round "?.4"]
[White "Hausrath, Daniel"]
[Black "Libeau, Rene"]
[Result "1/2-1/2"]
[WhiteElo "2370"]
[BlackElo "2460"]
[PlyCount "48"]
[EventDate "1995.10.??"]
[EventType "team"]
[EventRounds "15"]
[EventCountry "GER"]
[SourceTitle "Bundesliga 9596"]
[Source "DeepChess"]
[SourceDate "2005.01.01"]
[SourceVersion "1"]
[SourceVersionDate "2005.01.01"]
[SourceQuality "1"]
[WhiteTeam "PSV/BSV Wuppertal 1921 e.V."]
[BlackTeam "SV Castrop Rauxel 1923"]
[WhiteTeamCountry "GER"]
[BlackTeamCountry "GER"]

1. Nf3 Nf6 2. c4 e6 3. g3 d5 4. Bg2 dxc4 5. Qa4+ Nbd7 6. Qxc4 a6 7. O-O b5 8.
Qc2 Bb7 9. d3 c5 10. a4 Be7 11. Nc3 Qb6 12. axb5 axb5 13. Rxa8+ Bxa8 14. Nh4
Bxg2 15. Kxg2 O-O 16. Nf3 Rc8 17. Qb3 b4 18. Nd1 Qc6 19. Kg1 c4 20. dxc4 Qxc4
21. Qxc4 Rxc4 22. Ne3 Rc8 23. Bd2 Ne4 24. Rc1 Rxc1+ 1/2-1/2

[Event "Bundesliga 9596"]
[Site "Deutschland"]
[Date "1995.??.??"]
[Round "?.6"]
[White "Kern, Guido"]
[Black "Sehner, Norbert"]
[Result "1-0"]
[WhiteElo "2365"]
[BlackElo "2420"]
[PlyCount "85"]
[EventDate "1995.10.??"]
[EventType "team"]
[EventRounds "15"]
[EventCountry "GER"]
[SourceTitle "Bundesliga 9596"]
[Source "DeepChess"]
[SourceDate "2005.01.01"]
[SourceVersion "1"]
[SourceVersionDate "2005.01.01"]
[SourceQuality "1"]
[WhiteTeam "PSV/BSV Wuppertal 1921 e.V."]
[BlackTeam "SV Castrop Rauxel 1923"]
[WhiteTeamCountry "GER"]
[BlackTeamCountry "GER"]

1. c4 e6 2. Nf3 d5 3. d4 c6 4. Qc2 Nf6 5. Bf4 Be7 6. e3 Ne4 7. Nc3 f5 8. Bd3
Nd7 9. h3 Qa5 10. O-O Rg8 11. Bh2 g5 12. Bxe4 dxe4 13. Nd2 Nf6 14. a3 g4 15.
Kh1 Qd8 16. Ne2 Nh5 17. Nf4 Nxf4 18. Bxf4 Bd6 19. Bxd6 Qxd6 20. c5 Qe7 21. g3
gxh3 22. Nc4 Kf8 23. Ne5 Bd7 24. Kh2 Be8 25. b4 h5 26. Rg1 a5 27. bxa5 Rxa5 28.
a4 h4 29. gxh4 Rxg1 30. Rxg1 Qxh4 31. Rg3 Ra8 32. Rxh3 Qf6 33. Qb3 f4 34. Qc2
fxe3 35. fxe3 Rxa4 36. Ng4 Qg5 37. Qxa4 Qxg4 38. Qc2 Bh5 39. Qf2+ Ke8 40. Rh4
Qg5 41. Qf4 Qxf4+ 42. Rxf4 Bg6 43. Rf2 1-0